| 000 | 00786nam a2200241 i 4500 | ||
|---|---|---|---|
| 001 | 38981 | ||
| 003 | ES-MaACL | ||
| 005 | 20230906155850.0 | ||
| 007 | t| | ||
| 008 | 030226s1971 sp ||||1| spa d | ||
| 080 | _a711(45) | ||
| 100 | 1 |
_aCampos Venuti, Giuseppe. _934287 |
|
| 245 | 1 | 3 |
_aLa administración del urbanismo / _cG. Campos Venuti ; [traducción de Jaime Soler Llusá y Manuel Torres Capell]. |
| 260 |
_aBarcelona : _bGustavo Gili, _c[1971] |
||
| 300 |
_aXII, 250 p., 8 planos ; _c24 cm. |
||
| 490 | 1 |
_aCiencia urbanística ; _v5 |
|
| 650 | 4 |
_aUrbanismo- _zItalia. _9174540 |
|
| 700 | 1 |
_aSoler Llusá, J. _9107184 |
|
| 700 | 1 |
_aTorres Capell, Manuel. _9110936 |
|
| 830 | 1 |
_aCiencia urbanística ; _v5 _9181930 |
|
| 852 | 4 |
_aES-MaACL _jC-37650 |
|
| 999 |
_c38981 _d38981 |
||